[Event "21st Alekhine Master 2017"]
[Site "Voronezh"]
[Date "2017.06.18"]
[Round "6"]
[White "Grishchenko, Sergey"]
[Black "Timofeev, Artyom"]
[Result "1-0"]
[WhiteElo "2447"]
[BlackElo "2561"]
[Annotator "TA"]
[PlyCount "47"]
[EventDate "2017.??.??"]
[EventType "swiss"]
[EventCountry "RUS"]
[SourceTitle "playchess.com"]
[Source "ChessBase"]
[SourceQuality "1"]

{[%evp 23,47,87,87,81,85,84,103,91,91,92,89,88,97,54,95,93,98,88,126,120,136,133,131,122,156,165]} 1. d4 Nf6 2. c4 g6 3. Nc3 d5 4. Bf4 Bg7 5. Nf3 c5 6. dxc5 Qa5 7. cxd5 Nxd5 8. Qxd5 Bxc3+ 9. Bd2 Be6 10. Qxb7 Bxd2+ 11. Nxd2 O-O 12. b4 Qa4 {[#] And now ...Nc6 would win.} 13. e3 $1 {D92: Grünfeld: 4 Nf3 Bg7 5 Bf4} ({Don't take} 13. Qxa8 $6 Nc6 $18) (13. a3 Nc6 14. e3 a6 {½-½ (14) Alterman,B (2616)-Shipov,S (2662) Belgrade 1999}) 13... Rd8 {[#]} 14. a3 $1 {Hoping for Bb5.} ({But not} 14. Qxa8 Bd5 $15) (14. Qxe7 $2 Rxd2 15. Kxd2 Qxb4+ 16. Ke2 Qb2+ 17. Kf3 Nc6 $19) 14... Nd7 15. Qa6 {White is better.} Qc2 {aiming for ...Nxc5.} 16. Qd3 Qxd3 17. Bxd3 {Black must now prevent Bc4.} Nxc5 18. Be2 ({Much weaker is} 18. bxc5 $6 Rxd3 19. Ke2 Rd5 $11) 18... Nd3+ 19. Bxd3 $1 Rxd3 20. Ke2 $36 {[%mdl 2048] [#] Black is under strong pressure.} Rc3 $146 ({Predecessor:} 20... Rd5 21. Nf3 a5 22. Nd4 Bd7 23. Rhc1 e5 24. Nb3 axb4 25. axb4 Rb8 26. Rc5 {½-½ (26) Mah,K (2316)-Lalic,B (2550) London 1999}) 21. Rhc1 Rac8 22. Rxc3 Rxc3 23. Ne4 Rc2+ 24. Kd3 1-0

[Event "21st Alekhine Master 2017"]
[Site "Voronezh"]
[Date "2017.06.18"]
[Round "6"]
[White "Khanin, Semen"]
[Black "Rychagov, Andrey"]
[Result "1/2-1/2"]
[WhiteElo "2436"]
[BlackElo "2556"]
[Annotator "TA"]
[PlyCount "65"]
[EventDate "2017.??.??"]
[EventType "swiss"]
[EventCountry "RUS"]
[SourceTitle "playchess.com"]
[Source "ChessBase"]
[SourceQuality "1"]

{[%evp 29,65,30,45,22,25,31,27,11,24,10,20,9,36,-14,0,0,0,0,0,-14,-14,-9,0,-13,-3,-21,-5,-28,-28,-28,-9,-28,0,-28,0,-28,0,-21]} 1. e4 e6 2. d4 d5 3. Nc3 Bb4 4. e5 c5 5. a3 Bxc3+ 6. bxc3 Ne7 7. Qg4 O-O 8. Bd3 f5 9. exf6 Rxf6 10. Bg5 Rf7 11. Qh5 g6 12. Qd1 Qa5 {C18: French: 3 Nc3 Bb4: Main line: 7 h4 and 7 Qg4} 13. Bd2 Nd7 (13... Nbc6 14. Nf3 Qc7 15. O-O e5 16. dxe5 Nxe5 17. Be2 Bd7 18. Re1 Nxf3+ 19. Bxf3 Bc6 20. Bg5 {1-0 (61) Eljanov,P (2741)-Naiditsch,A (2684) Douglas 2016}) 14. Nf3 c4 15. Be2 Nc6 {LiveBook: 7 Games} 16. Ng5 Re7 17. f4 Nf6 18. Bf3 Bd7 19. O-O Rf8 20. Qe2 Nd8 $146 (20... h6 {looks sharper.} 21. Nh3 Qa4 22. Ra2 Ne8 23. Nf2 Nd6) 21. Be1 (21. a4 {keeps more tension.} b6 22. Nh3 h6 23. Nf2 Nf7 24. g4) 21... Nf7 22. Nxf7 Rexf7 23. Bd2 Re8 24. Qe5 Ba4 25. Ra2 Qb6 26. Bc1 Qd8 27. Bd2 Qd7 28. Rb2 Bc6 29. Qe2 Qd6 30. Ra2 Qd7 31. Rb2 Qd6 32. Ra2 Qd7 33. Rb2 {Precision: White = 53%, Black = 24%.} 1/2-1/2

[Event "21st Alekhine Master 2017"]
[Site "Voronezh"]
[Date "2017.06.18"]
[Round "6"]
[White "Bakunts, Rafael"]
[Black "Kryakvin, Dmitry"]
[Result "1/2-1/2"]
[WhiteElo "2397"]
[BlackElo "2572"]
[Annotator "TA"]
[PlyCount "36"]
[EventDate "2017.??.??"]
[EventType "swiss"]
[EventCountry "RUS"]
[SourceTitle "playchess.com"]
[Source "ChessBase"]
[SourceQuality "1"]

{[%evp 19,32,35,37,33,24,32,33,0,44,40,43,38,50,35,36]} 1. e4 e5 2. Nf3 Nc6 3. Bb5 Nf6 4. O-O Nxe4 5. d4 Be7 6. Qe2 Nd6 7. Bxc6 bxc6 8. dxe5 Nb7 9. c4 O-O 10. Nc3 f6 11. Bd2 {C67: Ruy Lopez: Berlin Defence: 4 0-0 Nxe4} fxe5 12. Nxe5 Qe8 13. Rae1 {aiming for Nxc6!} Bf6 14. Ng4 {White is slightly better.} Qxe2 15. Nxf6+ Rxf6 16. Rxe2 d6 {[#]} {Predecessor:} 17. Re8+ $146 Rf8 18. Re7 Rf7 {½-½ (38) Naiditsch,A (2674)-Malakhov,V (2725) Sibenik 2010} 1/2-1/2

[Event "21st Alekhine Master 2017"]
[Site "Voronezh"]
[Date "2017.06.18"]
[Round "6"]
[White "Zhileykin, Andrey"]
[Black "Lintchevski, Daniil"]
[Result "0-1"]
[WhiteElo "2225"]
[BlackElo "2532"]
[Annotator "TA"]
[PlyCount "35"]
[EventDate "2017.??.??"]
[EventType "swiss"]
[EventCountry "RUS"]
[SourceTitle "playchess.com"]
[Source "ChessBase"]
[SourceQuality "1"]

{[%evp 18,23,31,7,60,38,103,103]} 1. e4 c5 2. Nf3 e6 3. d4 cxd4 4. Nxd4 Nc6 5. Nc3 Qc7 6. Be2 a6 7. O-O Nf6 8. Be3 Bb4 9. Nxc6 bxc6 10. f4 d5 {B49: Sicilian: Taimanov: 5 Nc3 Qc7 6 Be3 a6 7 Be2} (10... Bxc3 $11 11. bxc3 Nxe4) 11. e5 $14 Nd7 {[#]} (11... Bxc3 $1 $14 12. bxc3 Nd7) 12. Na4 $1 {[%mdl 32768] Loss on Time!?} {Predecessor:} O-O $146 13. c4 f6 14. exf6 Nxf6 15. c5 Ba5 16. Rc1 Rb8 17. a3 Qd8 18. Nb6 {1-0 (48) Comas Fabrego,L (2508)-Cori Tello,J (2549) Barcelona 2014} 0-1